000 00651nam a2200181Ia 4500
008 100122s9999 xx 000 0 und d
082 _b64908
_a823
100 _aराकेश मोहन
245 _aनाही सूर्य उद्याचा
260 _bवसुंधरा प्रकाशन
_c2003
300 _a156
520 _aन आनेवाला कल
620 _aन आनेवाला कल
630 _aनाही सूर्य उद्याचा
700 _aभोंजाळ चंद्रकांत
730 _aनाही सूर्य उद्याचा
942 _cBOOK
999 _c438258
_d438255